武蔵小杉駅から出ている行き先 - Statistics

General Stats
  • This quiz has been taken 557 times
  • The average score is 65 of 78
Answer Stats
Answer % Correct
新宿
97%
東京
96%
池袋
96%
池袋
96%
久里浜
95%
横須賀
95%
逗子
95%
大船
95%
逗子
95%
大船
95%
渋谷
95%
千葉
94%
大宮
94%
川崎
94%
横浜
94%
小田原
93%
赤羽
93%
立川
93%
成田
92%
宇都宮
92%
高崎
92%
品川
91%
成田空港
91%
海老名
91%
川越
91%
海老名
91%
海老名
91%
平塚
90%
目黒
90%
国府津
88%
籠原
88%
津田沼
87%
和光市
87%
前橋
86%
元町・中華街
86%
上総一ノ宮
85%
小金井
85%
登戸
85%
湘南台
85%
湘南台
85%
新横浜
84%
菊名
84%
新横浜
84%
君津
83%
武蔵浦和
83%
日吉
83%
新宿三丁目
82%
浦和美園
82%
佐倉
81%
森林公園
81%
赤羽岩淵
81%
武蔵溝ノ口
80%
川越市
80%
西谷
79%
西谷
79%
自由が丘
78%
西高島平
78%
元住吉
77%
所沢
77%
飯能
77%
古河
76%
武蔵中原
76%
小川町
76%
稲城長沼
74%
志木
74%
石神井公園
74%
小手指
74%
鹿島神宮
72%
成東
72%
大和
71%
大和
71%
高島平
71%
鳩ヶ谷
69%
保谷
68%
奥沢
63%
清瀬
62%
王子神谷
59%
駒込
54%
No matching quizzes found
Score Distribution
Percent of People with Each Score
Percentile by Number Answered
Your Score History
You have not taken this quiz